Governments and politics of the contemporary Middle East /

محفوظ في:

المؤلف الرئيسي: Ismael, Tareq Y. (مؤلف)

مؤلفون آخرون: Abu-Hakima, Ahmad Mustafa, 1932-

التنسيق: كتاب

اللغة: English

منشور في: Homewood, Ill. : Dorsey Press, 1970.

سلاسل: Dorsey series in political science.

الموضوعات:

الوسوم: إضافة وسم

لا توجد وسوم, كن أول من يضع وسما على هذه التسجيلة!

رقم الطلب: DS62.8 .I81 1970

LEADER 00853namaa2200253 4500
001 20842
003 OSt
005 20260127122618.0
008 130303s1970 iluab b 000 0 eng d
010 |a 78112831 
040 |c ARCE Library 
043 |a aw----- 
050 4 |a DS62.8 .I81 1970 
100 1 |a Ismael, Tareq Y.,  |e author 
245 1 0 |a Governments and politics of the contemporary Middle East /  |c [by] Tareq Y. Ismael ; with contributions from A. M. Abu-Hakima and others. 
264 1 |a Homewood, Ill. :   |b Dorsey Press,   |c 1970. 
300 |a x, 495 pages :  |b illustrations, maps ;  |c 24 cm. 
490 0 |a Dorsey series in political science. 
504 |a Includes bibliographical references. 
651 0 |a Middle East  |x Politics and government. 
700 1 |a Abu-Hakima, Ahmad Mustafa,  |d 1932- 
901 |a reviewed 
942 |c BK  |2 lcc 
999 |c 17271  |d 17271